000 00505nam a2200193Ia 4500
005 20140402105329.0
008 140130s9999 xx 000 0 und d
020 _a9780439099424
050 _aE 185.97.K5
_b.M345 2000
100 _aMarzollo, Jean
_96141
245 _cJean Marzollo.
_aHappy birthday, Martin Luther King /
260 _bScholastic,
_c2000.
_aUSA :
300 _a30 p. :
_bcol. ill. ;
_c28 cm.
440 _v1
521 _aG6
526 _c800
942 _cBK
_2lcc
999 _c41154
_d41154